LEADER 01888namaa2200385 i 4500 001 000000178670 003 CaOOAMICUS 005 20260415160433.0 007 tu 008 260415s2026 it 000 u ita r 020 $a978-88-288-6637-4* 040 $aPUL$bita$erda 082 0 $a343.4509 245 00$aAI Act e legge nazionale sull'intelligenza artificiale : $bregolamento (UE) 2024/1689 e legge n. 132/2025 : commentario /$cPierluigi Perri, Giuseppe Vaciago, Giovanni Ziccardi (a cura di) ; con il coordinamento di Alessia Bottazzo. 264 4$c©2026. 264 1$aMilano :$bLefebvre Giuffrè,$c[2026] 300 $aLX, 1253 pagine ;$c 24 cm 336 $atesto$btxt$2rdacontent 337 $asenza mediazione$bn$2rdamedia 338 $avolume$bnc$2rdacarrier 504 $aBibliografia in nota. 650 4$aIntelligenza artificiale$xDiritto.$0(OLS)http://pul/subject/46925 700 1 $aPerri, Pierluigi,$d1974-,$ecuratore.$0(OLS)http://pul/name/114971 700 1 $aBottazzo, Alessia,$eCoordinatore.$0(OLS)http://pul/name/114972 700 1 $aZiccardi, Giovanni,$d1969-,$ecuratore.$0(OLS)http://pul/name/100383 700 1 $aVaciago, Giuseppe,$d1975-,$ecuratore.$0(OLS)http://pul/name/81044 850 $aPUL 852 $aPUL$W1$xSL Diritto e Scienze Sociali 3$y79$m343. 4509 PERPI 1$j202437$qDDC 21$B207837$CPULBib$Z2$F207837 $H138520 $82 941 1 $a9 996 $6020$a978-88-288-6637-4*$9(OLS)http://pul/number/170930 996 $6082$a343.4509$9(OLS)http://pul/classification/2668 996 $6245$aAI Act e legge nazionale sull'intelligenza artificiale : $bregolamento (UE) 2024/1689 e legge n. 132/2025 : commentario$9(OLS)http://pul/title/220245 996 $6264$aMilano :$bLefebvre Giuffrè$9(OLS)http://pul/publisher/87700 996 $6264$a[S.l.] :$b[s.n.]$9(OLS)http://pul/publisher/0